| 000 | 01252cam a2200325 a 4500 | ||
|---|---|---|---|
| 999 |
_c129690 _d129690 |
||
| 001 | 17283840 | ||
| 003 | ARRUPE | ||
| 005 | 20190814112040.0 | ||
| 008 | 120503s2013 enk b 001 0 eng | ||
| 010 | _a 2012015191 | ||
| 020 | _a9780415782944 (hardback : alk. paper) | ||
| 020 | _a9780415782951 (pbk. : alk. paper) | ||
| 020 | _a9780203813010 (ebook) | ||
| 040 |
_aDLC _cDLC _dDLC |
||
| 042 | _apcc | ||
| 050 | 0 | 0 |
_aBL51 _b.R5984 2012 |
| 082 | 0 | 0 |
_a210 _223 |
| 245 | 0 | 4 |
_aThe Routledge companion to philosophy of religion / _cedited by Chad Meister and Paul Copan. |
| 246 | 3 | 0 | _aCompanion to philosophy of religion |
| 250 | _a2nd ed. | ||
| 260 |
_aAbingdon, Oxon ; _aNew York : _bRoutledge, _c2013. |
||
| 300 |
_axxi, 826 p. ; _c26 cm. |
||
| 490 | 0 | _aRoutledge philosophy companions | |
| 504 | _aIncludes bibliographical references and index. | ||
| 650 | 0 |
_aReligion _xPhilosophy. _947775 |
|
| 700 | 1 |
_aMeister, Chad V., _d1965- _947776 |
|
| 700 | 1 |
_aCopan, Paul. _925392 |
|
| 906 |
_a7 _bcbc _corignew _d1 _eecip _f20 _gy-gencatlg |
||
| 942 |
_2lcc _cMONOGRAPH |
||